Riešenie materiálového toku a usporiadania strojov pre danú výrobu

Gespeichert in:
Bibliographische Detailangaben
1. Verfasser: Beneš, Lukáš, 1989- (Verfasst von)
Weitere Verfasser: Zuzicová, Katarína, 1986- (Betreuung Doktorarbeit)
Format: Manuskript Buch
Sprache:Slowakisch
Veröffentlicht: Trnava : STU v Bratislave MTF UVSM, 2013
Schlagworte:
Online-Zugang:VAIS
Tags: Tag hinzufügen
Keine Tags, Fügen Sie das erste Tag hinzu!

MARC

LEADER 00000ntm a22000003a 4500
001 stu270247
005 20150617230247.4
008 130705s2013----xo------------------slo-d
040 |a STU  |b slo 
041 0 |a slo 
044 |a xo 
100 1 |a Beneš, Lukáš,  |d 1989-  |4 aut  |u M  |T MTF Materiálovotechnologická fakulta  |X 59043  |U M  |Y 60  |7 A000059043 
242 0 0 |a Solution of material flow and layout of machinery for the given production  |y eng 
245 1 |a Riešenie materiálového toku a usporiadania strojov pre danú výrobu 
260 |a Trnava :  |b STU v Bratislave MTF UVSM,  |c 2013 
650 7 |a Production Devices and Systems  |2 estusub 
650 7 |a simulation  |2 estusub 
650 7 |a production program  |2 estusub 
650 7 |a material flow  |2 estusub 
650 7 |a simulácia  |2 stusub 
650 7 |a výrobný program  |2 stusub 
650 7 |a materiálový tok  |2 stusub 
650 7 |a výrobný systém  |2 stusub 
700 1 |a Zuzicová, Katarína,  |d 1986-  |4 ths  |u M2000  |U MTF Materiálovotechnologická fakulta  |T MTF Ústav výrobných systémov a aplikovanej mechaniky  |X 26750  |U M2000  |Y 82  |7 A000026750 
856 4 |a info a plný text  |u http://is.stuba.sk/zp/portal_zp.pl?podrobnosti=92057  |3 VAIS 
996 |c M*BP-6289  |l MMSKP  |s P  |a 0  |w stu270247_0001